| Tag |
First Indicator |
Second Indicator |
Subfields |
| LEADER |
00000cam a2200000 a 4500 |
| 001 |
in00002602321 |
| 005 |
20151201154911.0 |
| 008 |
090401s2010 nyuab j be 001 0 eng |
| 010 |
|
|
|a 2009013596
|
| 020 |
|
|
|a 9780816065059 (hc : alk. paper)
|
| 020 |
|
|
|a 0816065055 (hc : alk. paper)
|
| 035 |
|
|
|a (OCoLC)ocn166382588
|
| 040 |
|
|
|a DLC
|c DLC
|d UtOrBLW
|
| 043 |
|
|
|a n-us---
|
| 049 |
|
|
|a TXAM
|
| 050 |
0 |
0 |
|a E208
|b .G55 2010
|
| 082 |
0 |
0 |
|a 973.3
|2 22
|
| 100 |
1 |
|
|a Gilje, Paul A.,
|d 1951-
|
| 245 |
1 |
0 |
|a Encyclopedia of revolutionary America /
|c Paul A. Gilje ; foreword by Gary B. Nash.
|
| 264 |
|
1 |
|a New York :
|b Facts On File,
|c [2010]
|
| 264 |
|
4 |
|c ©2010
|
| 300 |
|
|
|a 3 volumes (xix, 1126 pages) :
|b illustrations, maps ;
|c 29 cm.
|
| 336 |
|
|
|a text
|b txt
|2 rdacontent
|
| 337 |
|
|
|a unmediated
|b n
|2 rdamedia
|
| 338 |
|
|
|a volume
|b nc
|2 rdacarrier
|
| 490 |
1 |
|
|a Facts on File library of American history
|
| 504 |
|
|
|a Includes bibliographical references and index.
|
| 505 |
0 |
|
|a v. 1. A to G -- v. 2. H to R -- v. 3. S to Z.
|
| 651 |
|
0 |
|a United States
|x History
|y Revolution, 1775-1783
|v Encyclopedias.
|
| 651 |
|
0 |
|a United States
|x History
|y 1783-1815
|v Encyclopedias.
|
| 651 |
|
1 |
|a United States
|x History
|y Revolution, 1775-1783
|v Encyclopedias.
|
| 651 |
|
1 |
|a United States
|x History
|y 1783-1815
|v Encyclopedias.
|
| 830 |
|
0 |
|a Facts on File library of American history.
|
| 945 |
|
|
|a PromptCat
|b 64565
|
| 946 |
|
|
|a stk
|
| 947 |
|
|
|a A14839713548
|
| 947 |
|
|
|a A14839713556
|
| 947 |
|
|
|a A14839713564
|
| 948 |
|
|
|a cataloged
|b h
|c 2010/9/2
|d c
|e dmitchel
|f 1:00:00 pm
|
| 994 |
|
|
|a 92
|b TXA
|
| 999 |
|
|
|a MARS
|
| 999 |
f |
f |
|s e38aa6e8-3288-347a-9ec2-80944b2e37e5
|i 65f0cb4a-20c1-3320-9506-18a76a175f34
|t 0
|
| 952 |
f |
f |
|p ric
|a Texas A&M University
|b Rellis Campus
|c Joint Library Facility
|d Remote Storage
|t 0
|e E208 .G55 2010
|h Library of Congress classification
|i unmediated -- volume
|k v.1
|m A14839713548
|
| 952 |
f |
f |
|p ric
|a Texas A&M University
|b Rellis Campus
|c Joint Library Facility
|d Remote Storage
|t 0
|e E208 .G55 2010
|h Library of Congress classification
|i unmediated -- volume
|k v.2
|m A14839713556
|
| 952 |
f |
f |
|p ric
|a Texas A&M University
|b Rellis Campus
|c Joint Library Facility
|d Remote Storage
|t 0
|e E208 .G55 2010
|h Library of Congress classification
|i unmediated -- volume
|k v.3
|m A14839713564
|
| 998 |
f |
f |
|a E208 .G55 2010
|s v.1-3
|t 0
|l Remote Storage
|